El proceso de erosión hídrica del suelo /

Guardado en:
Autor Principal: Silenzi, Juan Carlos.
Autor Corporativo: Universidad Nacional del Sur. Departamento de Agronomía.
Otros Autores: Echeverría, Nora Elena.
Formato: Libro
Idioma:Spanish
Publicado: Bahía Blanca, 2006.
Etiquetas: Agregar Etiqueta
Sin Etiquetas, Sea el primero en etiquetar este registro!
LEADER 00557nam a22001575a 4500
001 EEA.libagro007634
005 20180424122422.0
008 130809s2006####ag############000#0#spa#d
082 0 4 |a 631.45 
100 1 |a Silenzi, Juan Carlos. 
245 1 3 |a El proceso de erosión hídrica del suelo /  |c Juan Carlos Silenzi, Nora Elena Echeverría. 
260 |a Bahía Blanca,  |c 2006. 
300 |a 38 h. ;  |c 30 cm. 
700 1 |a Echeverría, Nora Elena. 
710 2 |a Universidad Nacional del Sur.  |b Departamento de Agronomía. 
859 |a AR-BbBCA  |b BIB. AGRONOMIA  |h 631.45  |i S582  |p 2006/5023